000 00224nam a22000857a 4500
008 170301b xxu||||| |||| 00| 0 eng d
100 _92980
_aTrask.R.C
245 _aDictionary of English Grammar
260 _aNew York
_bPenguin
_c2000
999 _c6224
_d6224